000 00245nam a2200097Ia 4500
001 1144232
005 20250827010210.0
008 250824s9999 xx 000 0 und d
245 0 _aGENÇLERİ ANLAMAK
_cHALUK YAVUZER
260 _bREMZİ KİTABEVİ
999 _c1144232
_d1144232